[Event "Lansing (Apr)"]
[Site "?"]
[Date "1990.??.??"]
[Round "?"]
[White "Noren, Kevin"]
[Black "Lehotzky, Attila"]
[Result "0-1"]
[WhiteElo "2285"]
[BlackElo "2045"]
[PlyCount "100"]
[EventDate "1990.??.??"]

1. d4 Nf6 2. Nf3 c5 3. d5 d6 4. c4 g6 5. Nc3 Bg7 6. e4 O-O 7. Be2 Nbd7 8. O-O
Ng4 9. Nd2 Nh6 10. Nf3 Ng4 11. h3 Nge5 12. Nh2 Nb6 13. a4 a5 14. b3 Nexc4 15.
bxc4 Bxc3 16. Bh6 Bg7 17. Bxg7 Kxg7 18. f4 Nd7 19. Qd2 Nf6 20. Bd3 Kg8 21. e5
Nh5 22. Qe3 Ng7 23. Nf3 Bf5 24. Be2 Ra6 25. g4 Bd7 26. f5 gxf5 27. e6 fxe6 28.
Bd3 e5 29. gxf5 Bxf5 30. Bxf5 Rxf5 31. Ng5 Qe8 32. Kh1 Qh5 33. Rg1 Rf6 34. Ne6
Rg6 35. Rxg6 hxg6 36. Rg1 Nxe6 37. dxe6 Ra8 38. Rf1 Rf8 39. Rxf8+ Kxf8 40. Kh2
Kg7 41. Qe4 Qf5 42. Qxb7 Qxe6 43. Qc7 e4 44. Qxa5 e3 45. Qc3+ Kf7 46. Kg2 Qe4+
47. Kg3 e5 48. a5 Qf4+ 49. Kg2 Qf2+ 50. Kh1 e2 0-1

[Event "Detroit (MI Op/7/12) [E97["]
[Site "?"]
[Date "1990.??.??"]
[Round "?"]
[White "Noren, Kevin"]
[Black "Kulbacki, James"]
[Result "1-0"]
[WhiteElo "2305"]
[BlackElo "2025"]
[PlyCount "43"]
[EventDate "1990.??.??"]

{7/(12)} 1. d4 Nf6 2. Nf3 g6 3. c4 Bg7 4. Nc3 d6 5. e4 O-O 6. Be2 e5 7. O-O Nc6
8. d5 Ne7 9. Nd2 Ne8 10. b4 a5 11. bxa5 f5 12. f3 f4 13. a4 Nf6 14. c5 Rxa5 15.
Nc4 Ra8 16. cxd6 cxd6 17. Ba3 Ne8 18. Qb3 g5 19. Qb6 Qxb6+ 20. Nxb6 Rb8 21. Bb5
g4 22. Bxe8 1-0

[Event "Lansing (MI Inv/3)"]
[Site "?"]
[Date "1990.??.??"]
[Round "?"]
[White "Noren, Kevin"]
[Black "Hahn, David"]
[Result "1/2-1/2"]
[WhiteElo "2265"]
[BlackElo "2225"]
[PlyCount "106"]
[EventDate "1990.??.??"]

1. d4 d6 2. c4 e5 3. d5 Nd7 4. Nc3 g6 5. e4 Bg7 6. Bd3 Nc5 7. Bc2 a5 8. Nge2
Nf6 9. f3 Nfd7 10. O-O O-O 11. Be3 Bf6 12. Qd2 Nb6 13. b3 Bg7 14. Rab1 a4 15.
Nc1 axb3 16. axb3 f5 17. exf5 gxf5 18. Nd3 Nbd7 19. Nb2 Nf6 20. b4 Na6 21. Nd3
b6 22. h3 Bd7 23. Bg5 Qe8 24. Nf2 Qg6 25. Ng4 h5 26. Nxf6+ Bxf6 27. Be3 Rae8
28. Ne2 Rf7 29. f4 Rg7 30. g3 h4 31. g4 exf4 32. Nxf4 Bg5 33. Kh1 Qh6 34. gxf5
Rge7 35. Bd4 Re2 36. Qxe2 Rxe2 37. Nxe2 Bf6 38. Rg1+ Kh7 39. Bxf6 Qxf6 40. Rg6
Qe5 41. f6 Bf5 42. Bxf5 Qxf5 43. Rg7+ Kh6 44. Rb3 Qxf6 45. Rg4 b5 46. Re3 Qf1+
47. Rg1 Qf2 48. Nd4 Kh7 49. Re7+ Kh8 50. Ne6 Qf3+ 51. Kh2 Qe2+ 52. Rg2 Qe5+ 53.
Kh1 Qe1+ 1/2-1/2

[Event "Lansing (MI Inv/6)"]
[Site "?"]
[Date "1990.??.??"]
[Round "?"]
[White "Noren, Kevin"]
[Black "Finegold, Ron"]
[Result "1-0"]
[WhiteElo "2265"]
[BlackElo "2215"]
[PlyCount "35"]
[EventDate "1990.??.??"]

1. c4 e5 2. Nc3 g6 3. d4 exd4 4. Qxd4 Qf6 5. Qd3 Na6 6. Nf3 Bg7 7. e4 Qc6 8.
Nd5 d6 9. Nd4 Qd7 10. Be3 Ne7 11. Be2 O-O 12. O-O c5 13. Nb5 Bxb2 14. Nbc3 Nxd5
15. Nxd5 Bxa1 16. Rxa1 Nb4 17. Nf6+ Kg7 18. Qc3 1-0

[Event "Lansing (Feb)"]
[Site "?"]
[Date "1990.??.??"]
[Round "?"]
[White "Noren, Kevin"]
[Black "Finegold, Mark"]
[Result "1-0"]
[WhiteElo "2250"]
[BlackElo "2195"]
[PlyCount "142"]
[EventDate "1990.??.??"]

1. d4 Nf6 2. Nf3 e6 3. c4 Bb4+ 4. Nbd2 c5 5. dxc5 Bxc5 6. e3 Nc6 7. a3 O-O 8.
b4 Be7 9. Bb2 b6 10. Bd3 Bb7 11. O-O Rc8 12. Rc1 d6 13. Qe2 a5 14. Nd4 axb4 15.
Nxc6 Bxc6 16. axb4 d5 17. cxd5 Nxd5 18. b5 Bd7 19. Rxc8 Bxc8 20. Nc4 Bf6 21.
Ne5 Bb7 22. f4 Ne7 23. Rd1 Qc7 24. Nd7 Bxb2 25. Nxf8 Nd5 26. Nxh7 Nc3 27. Qc2
Qc5 28. Re1 Ba3 29. Ng5 Nd5 30. Ne4 Qxc2 31. Bxc2 f5 32. Nf2 Bb4 33. Rb1 Bd2
34. Bb3 Bxe3 35. Bxd5 Bxd5 36. g3 Kf8 37. Kf1 Bc4+ 38. Ke1 Ke7 39. Rb4 Bd5 40.
Nd3 Kd6 41. Rb2 Bd4 42. Rc2 Bb3 43. Rc8 Kd5 44. Nc1 Bc4 45. Ne2 Bf6 46. Rc6
Bxb5 47. Rxb6 Bc4 48. Kd2 Kc5 49. Rb8 e5 50. Rc8+ Kd5 51. fxe5 Bxe5 52. Nf4+
Kd4 53. Rd8+ Ke4 54. Re8 Kd4 55. h4 Bb5 56. Re7 Bf6 57. Rb7 Bc6 58. Rc7 Bf3 59.
Ne6+ Kd5 60. Nxg7 f4 61. gxf4 Bxh4 62. Ke3 Bg4 63. Rc2 Kd6 64. Ke4 Bf6 65. Nf5+
Kd7 66. Ne3 Be6 67. Nd5 Bd8 68. f5 Bxd5+ 69. Kxd5 Ke7 70. Ke5 Kf7 71. Rc8 Bf6+
1-0

[Event "Lansing (Mini-Swiss.1/1)"]
[Site "?"]
[Date "1990.??.??"]
[Round "?"]
[White "Noren, Kevin"]
[Black "Decker, Dale"]
[Result "1-0"]
[WhiteElo "2290"]
[BlackElo "1825"]
[PlyCount "51"]
[EventDate "1990.??.??"]

{1/(1)} 1. d4 g6 2. c4 Bg7 3. e4 c6 4. Nc3 e5 5. dxe5 Bxe5 6. Nf3 Bg7 7. Be2
Na6 8. e5 Ne7 9. Ne4 Bxe5 10. Nxe5 Qa5+ 11. Bd2 Qxe5 12. Bc3 Qxe4 13. Bxh8 Qxg2
14. Bf3 Qg5 15. Bc3 d5 16. cxd5 cxd5 17. Qd2 Qf5 18. Qe3 Bd7 19. Be2 b5 20. Rg1
Qe6 21. Qxe6 fxe6 22. a4 Nc7 23. Be5 Rc8 24. Rc1 Nc6 25. Bxc7 Rxc7 26. axb5 1-0

[Event "Lansing (Jan)"]
[Site "?"]
[Date "1990.??.??"]
[Round "?"]
[White "Noren, Kevin"]
[Black "Baze, Lineas"]
[Result "1-0"]
[WhiteElo "2285"]
[BlackElo "2055"]
[PlyCount "136"]
[EventDate "1990.??.??"]

1. d4 Nf6 2. Nf3 g6 3. c4 Bg7 4. Nc3 O-O 5. e4 d6 6. Be2 e5 7. O-O Nc6 8. d5
Ne7 9. Ne1 Nd7 10. f3 f5 11. g4 fxg4 12. fxg4 Rxf1+ 13. Bxf1 Nf6 14. Be2 c6 15.
Be3 cxd5 16. cxd5 h6 17. Nd3 Bd7 18. Nf2 g5 19. Bb5 Ng6 20. Rc1 Nf4 21. h3 h5
22. Kf1 Kf8 23. Bxd7 Qxd7 24. Qa4 Qxa4 25. Nxa4 b5 26. Nc3 a6 27. Ne2 hxg4 28.
hxg4 Kf7 29. Ng3 Rh8 30. Nf5 Bf8 31. Rc7+ Kg6 32. Bxf4 gxf4 33. Kg2 Kg5 34. Kf3
Nxg4 35. Rc8 Nxf2 36. Kxf2 Rh2+ 37. Kg1 Rxb2 38. Rxf8 Kg4 39. Rg8+ Kf3 40. Nxd6
Rb1+ 41. Kh2 Rb2+ 42. Kh3 Rb1 43. Rg2 Rh1+ 44. Rh2 Rg1 45. Kh4 Rg6 46. Rh3+ Kg2
47. Nf5 Rg8 48. Rd3 f3 49. d6 Rh8+ 50. Kg5 f2 51. d7 Rg8+ 52. Kh6 Rd8 53. Ne3+
Kf3 54. Nd1+ Ke2 55. Nxf2 Kxf2 56. Kg5 Ke2 57. Rd6 Ke3 58. Kf5 a5 59. Kxe5 b4
60. Kd5 a4 61. e5 b3 62. axb3 axb3 63. e6 Rb8 64. d8=Q Rb5+ 65. Kc6 b2 66. Rd3+
Kf4 67. Qd4+ Kf5 68. Rf3+ Kxe6 1-0

[Event "Lansing (Apr)"]
[Site "?"]
[Date "1990.??.??"]
[Round "?"]
[White "Noren, Kevin"]
[Black "Baze, Lineas"]
[Result "1-0"]
[WhiteElo "2285"]
[BlackElo "2055"]
[PlyCount "82"]
[EventDate "1990.??.??"]

1. d4 Nf6 2. c4 g6 3. Nc3 Bg7 4. e4 d6 5. Nf3 O-O 6. Be2 e5 7. O-O Nc6 8. d5
Ne7 9. Ne1 Nd7 10. Nd3 f5 11. Bd2 Nf6 12. f3 f4 13. c5 g5 14. Rc1 h5 15. cxd6
cxd6 16. Nf2 a6 17. a4 Qb6 18. a5 Qxa5 19. Nb5 Qb6 20. Nc7 Rb8 21. Kh1 Kf7 22.
Qa4 Qxb2 23. Bc3 Qxe2 24. Rce1 b5 25. Qa5 Qc4 26. Bb4 Rd8 27. Rc1 Qd4 28. Nxb5
Qb6 29. Qxb6 Rxb6 30. Ba5 axb5 31. Bxb6 Rd7 32. Ba5 g4 33. Bb4 g3 34. hxg3 fxg3
35. Nd3 Ne8 36. f4 Kg6 37. fxe5 Nxd5 38. exd5 dxe5 39. d6 Bb7 40. Nc5 Bc6 41.
Nxd7 Bxd7 1-0

[Event "Flint (MEX/2)"]
[Site "?"]
[Date "1990.??.??"]
[Round "?"]
[White "Noren, Kevin"]
[Black "Bailey, Greg"]
[Result "1-0"]
[WhiteElo "2250"]
[BlackElo "2080"]
[PlyCount "117"]
[EventDate "1990.??.??"]

1. d4 Nf6 2. c4 e6 3. Nf3 c5 4. e3 Nc6 5. d5 exd5 6. cxd5 Nb4 7. Nc3 d6 8. a3
Na6 9. e4 Nc7 10. Nd2 a6 11. a4 b6 12. Be2 Rb8 13. O-O Be7 14. f4 O-O 15. Nc4
b5 16. axb5 axb5 17. Na5 Bd7 18. e5 Nfe8 19. Ne4 c4 20. f5 Ra8 21. e6 fxe6 22.
fxe6 Nxe6 23. dxe6 Bxe6 24. Rxf8+ Kxf8 25. Bd2 d5 26. Nf2 Bf6 27. Bb4+ Kg8 28.
Qd2 Nd6 29. Bf3 Nb7 30. Re1 Nxa5 31. Rxe6 Nb3 32. Qxd5 Qxd5 33. Bxd5 Ra1+ 34.
Re1+ Kh8 35. Rxa1 Nxa1 36. Bc3 Nc2 37. Ne4 Bxc3 38. bxc3 b4 39. cxb4 Nxb4 40.
Bxc4 Nc6 41. Kf2 Ne5 42. Be2 Kg8 43. Ke3 Kf7 44. Kd4 Nc6+ 45. Kc5 Ne7 46. Kd6
Nf5+ 47. Ke5 g6 48. Nd6+ Nxd6 49. Kxd6 Kf6 50. Bd3 h6 51. Kd5 g5 52. g3 h5 53.
h3 Kg7 54. Ke5 Kh6 55. Be2 Kg6 56. Ke6 h4 57. g4 Kg7 58. Kf5 Kh6 59. Kf6 1-0

[Event "Detroit (MI Op/5/12)"]
[Site "?"]
[Date "1990.??.??"]
[Round "?"]
[White "Noren, Kevin"]
[Black "Bailey, Greg"]
[Result "0-1"]
[WhiteElo "2305"]
[BlackElo "2070"]
[PlyCount "96"]
[EventDate "1990.??.??"]

{5/(12)} 1. e4 e6 2. d4 d5 3. Nc3 Bb4 4. e5 c5 5. a3 Bxc3+ 6. bxc3 Qc7 7. Nf3
Bd7 8. a4 Nc6 9. Bd3 f6 10. exf6 Nxf6 11. O-O O-O 12. Ba3 b6 13. dxc5 Rfe8 14.
cxb6 axb6 15. c4 d4 16. c5 e5 17. cxb6 Qxb6 18. Ng5 Rxa4 19. c3 Nd8 20. cxd4
Rxd4 21. Qc2 e4 22. Bc5 exd3 23. Bxb6 dxc2 24. Bxd4 Nc6 25. Nf3 Bg4 26. Bxf6
gxf6 27. Ra4 Bxf3 28. gxf3 Ne5 29. Rc1 Rc8 30. Kf1 Nd3 31. Raa1 Kg7 32. Ke2
Nxc1+ 33. Rxc1 Kg6 34. f4 Kf5 35. Kf3 Rc3+ 36. Ke2 Kxf4 37. Kd2 Rc5 38. Ke2 Kg4
39. Ke3 Kh3 40. Kd4 Rc8 41. Kd5 Kxh2 42. Ke6 Kg2 43. f4 h5 44. Kxf6 h4 45. Ke7
h3 46. f5 h2 47. Kd7 Rc3 48. f6 h1=Q 0-1

[Event "Lansing (Mini-Swiss.2/3)"]
[Site "?"]
[Date "1990.??.??"]
[Round "?"]
[White "Njenga, L."]
[Black "Hayes, R."]
[Result "0-1"]
[WhiteElo "1920"]
[BlackElo "1965"]
[PlyCount "98"]
[EventDate "1990.??.??"]

{2/(3)} 1. e4 e5 2. f4 Bc5 3. Nf3 d6 4. Bc4 Nf6 5. Qe2 Nc6 6. Nc3 Bg4 7. h3 Nd4
8. Qd1 Bxf3 9. gxf3 Nh5 10. h4 Nxf4 11. Bf1 h5 12. d3 g5 13. Bxf4 exf4 14. hxg5
Qxg5 15. Rh3 O-O-O 16. Qd2 Ne6 17. Qh2 Be3 18. Nd5 Bg1 19. Qg2 c6 20. Ne7+ Kd7
21. Nf5 Rdg8 22. Qe2 Be3 23. c3 Qg1 24. Rh2 Rg5 25. Rg2 Rxg2 26. Qxg2 Qxg2 27.
Bxg2 Bb6 28. d4 h4 29. Kf2 c5 30. Bh3 cxd4 31. cxd4 Rc8 32. Kf1 Rc2 33. Bg4
Rxb2 34. d5 Nc7 35. Nxh4+ Kd8 36. Nf5 Rh2 37. Rd1 Nb5 38. a4 Rh1+ 39. Kg2 Rxd1
40. axb5 Bc5 41. Nh6 Ke8 42. Bh5 Rg1+ 43. Kh2 Rg7 44. Ng4 Bd4 45. Kh3 a5 46.
bxa6 bxa6 47. Nh2 a5 48. Nf1 a4 49. Nd2 a3 0-1

[Event "Lansing (Apr)"]
[Site "?"]
[Date "1990.??.??"]
[Round "?"]
[White "Njenga, L."]
[Black "Garrison, Ray"]
[Result "1-0"]
[WhiteElo "1925"]
[BlackElo "1825"]
[PlyCount "51"]
[EventDate "1990.??.??"]

1. e4 c6 2. d4 d5 3. exd5 cxd5 4. c4 Nf6 5. Bd3 Nc6 6. Be3 dxc4 7. Bxc4 e6 8.
Nf3 Bd6 9. O-O Bd7 10. Re1 Rc8 11. d5 Ne7 12. dxe6 Rxc4 13. exf7+ Kxf7 14. Qxd6
Rc7 15. Ng5+ Kg6 16. Bf4 Ned5 17. Nc3 Rc6 18. Qe5 Nxc3 19. bxc3 h6 20. Nf3 Re6
21. Qd4 Rxe1+ 22. Rxe1 Bc6 23. Ne5+ Kf5 24. Qe3 Qd5 25. Qh3+ Kxf4 26. g3+ 1-0

[Event "Lansing (Apr)"]
[Site "?"]
[Date "1990.??.??"]
[Round "?"]
[White "Njenga, L."]
[Black "Decker, Dale"]
[Result "1-0"]
[WhiteElo "1925"]
[BlackElo "1870"]
[PlyCount "109"]
[EventDate "1990.??.??"]

1. e4 d5 2. exd5 Qxd5 3. Nc3 Qa5 4. d4 Nf6 5. Bd2 c6 6. Bc4 Qc7 7. h3 Bf5 8.
Nf3 e6 9. Qe2 Be7 10. O-O-O Nbd7 11. Rhe1 Nb6 12. Bb3 O-O 13. g4 Bg6 14. Bxe6
fxe6 15. Qxe6+ Rf7 16. Ng5 Bb4 17. a3 Bxc3 18. Bxc3 Nbd5 19. Nxf7 Bxf7 20. Qe5
Qxe5 21. Rxe5 Nxc3 22. bxc3 Re8 23. Rde1 Rxe5 24. Rxe5 Kf8 25. Kd2 Bd5 26. Kd3
Bg2 27. Re3 Bf1+ 28. Kd2 Nd5 29. Rf3+ Ke7 30. h4 h6 31. Rg3 Nf6 32. Rg1 Bc4 33.
f3 Nd5 34. Rb1 b6 35. g5 hxg5 36. hxg5 Ke6 37. Re1+ Kf5 38. Re5+ Kf4 39. g6
Kxf3 40. Rf5+ Nf4 41. Rf8 Kg4 42. Rc8 Bb5 43. Rc7 Ne6 44. Rxa7 Kf5 45. Rb7 Kxg6
46. Rxb6 Nc7 47. c4 Ba4 48. Rb4 Bb5 49. cxb5 cxb5 50. a4 bxa4 51. Rxa4 Kf6 52.
c4 g5 53. Ke3 g4 54. d5 Ke5 55. Ra7 1-0

[Event "Lansing (Mini-Swiss/2/1)"]
[Site "?"]
[Date "1990.??.??"]
[Round "?"]
[White "Njenga, L."]
[Black "Calton, Bill"]
[Result "0-1"]
[WhiteElo "1920"]
[BlackElo "2075"]
[PlyCount "124"]
[EventDate "1990.??.??"]

{2/(1)} 1. e4 g6 2. d4 Bg7 3. Nf3 d6 4. Be2 Nf6 5. Nc3 Nbd7 6. O-O O-O 7. h3 e5
8. d5 Nh5 9. Nh2 Nf4 10. Be3 f5 11. Bf3 fxe4 12. Nxe4 Nf6 13. c4 Nxe4 14. Bxe4
Qh4 15. Bf3 h5 16. Kh1 Qf6 17. Be4 Bf5 18. Qc2 Rae8 19. Rae1 g5 20. b3 Bd7 21.
Bh7+ Kh8 22. Bxf4 Qxf4 23. Bg6 Bf5 24. Bxf5 Qxf5 25. Qe2 Qg6 26. Qe3 b6 27. Nf3
Bh6 28. Qe4 Kh7 29. Qxg6+ Kxg6 30. Re4 Rf7 31. Kg1 Ref8 32. Ne1 Rf4 33. Rxf4
Rxf4 34. Nd3 Rd4 35. Nb4 Rd2 36. Ra1 Bg7 37. Na6 e4 38. Re1 Rxa2 39. Nxc7 Kf5
40. Rb1 Bd4 41. Rf1 a5 42. Ne6 Bc5 43. Nxc5 bxc5 44. Re1 Rb2 45. Re3 Rb1+ 46.
Kh2 Rf1 47. f3 exf3 48. gxf3 Rb1 49. Kg2 Rb2+ 50. Kg1 Kf4 51. Re6 Rxb3 52. Rxd6
Kg3 53. Kf1 Rxf3+ 54. Ke2 Rc3 55. Ra6 Rxc4 56. Rxa5 Kxh3 57. Ra3+ Kg4 58. d6
Re4+ 59. Kf2 Re8 60. d7 Rd8 61. Rd3 h4 62. Ke2 c4 0-1

[Event "Detroit (MOR/1b/21)"]
[Site "?"]
[Date "1990.??.??"]
[Round "?"]
[White "Nixon, Peter"]
[Black "Sanborn, Neil"]
[Result "1-0"]
[WhiteElo "1605"]
[BlackElo "1605"]
[PlyCount "125"]
[EventDate "1990.??.??"]

1. d4 d5 2. c4 dxc4 3. e4 e5 4. Bxc4 Qxd4 5. Qxd4 exd4 6. Nf3 Nc6 7. Bf4 Bd6 8.
Bxd6 cxd6 9. Ng5 Ne5 10. Bb5+ Bd7 11. Bxd7+ Kxd7 12. O-O h6 13. f4 hxg5 14.
fxe5 dxe5 15. Rxf7+ Ne7 16. Rxg7 Rag8 17. Rxg8 Rxg8 18. Nd2 Rc8 19. Nf3 d3 20.
Nxe5+ Kd6 21. Nxd3 Rc2 22. Rd1 Kc7 23. Rc1 Rxc1+ 24. Nxc1 Ng6 25. Ne2 Kd6 26.
Kf2 Ke5 27. Ke3 b5 28. Nd4 Nf4 29. Nc6+ Kf6 30. Nxa7 Nxg2+ 31. Kf2 Nh4 32. Nxb5
Ke5 33. Ke3 g4 34. a4 Nf3 35. h3 Nd2 36. hxg4 Nxe4 37. a5 Nc5 38. Nd4 Kf6 39.
b4 Na6 40. b5 Nc5 41. b6 Kg5 42. Kf3 Kf6 43. Kf4 Kg6 44. g5 Kf7 45. Ke5 Kg6 46.
Kd5 Na6 47. Nc6 Kxg5 48. Kd6 Kf5 49. b7 Ke4 50. b8=Q Nxb8 51. Nxb8 Kd4 52. a6
Kc4 53. a7 Kb5 54. a8=Q Kc4 55. Qd5+ Kb4 56. Nc6+ Kc3 57. Qd4+ Kb3 58. Kc5 Kc2
59. Kc4 Kc1 60. Kc3 Kb1 61. Qd1+ Ka2 62. Qb3+ Ka1 63. Qb2# 1-0

[Event "Detroit (MOR/7/11)"]
[Site "?"]
[Date "1990.??.??"]
[Round "?"]
[White "Nixon, Peter"]
[Black "Nikitin, Mike"]
[Result "0-1"]
[WhiteElo "1605"]
[BlackElo "1605"]
[PlyCount "41"]
[EventDate "1990.??.??"]

{7/(11)} 1. d4 Nf6 2. c4 g6 3. Nc3 Bg7 4. Nf3 d5 5. cxd5 Nxd5 6. e4 Nxc3 7.
bxc3 O-O 8. Be3 c5 9. Qd2 Qa5 10. Be2 Nc6 11. O-O Rd8 12. Rfd1 Bg4 13. Qb2 Rd7
14. Rd2 Rad8 15. Rad1 Bxf3 16. Bxf3 cxd4 17. cxd4 Nxd4 18. Bxd4 Bxd4 19. Qc1
Bxf2+ 20. Kxf2 Rxd2+ 21. Rxd2 0-1

[Event "Detroit (MOR/5/31)"]
[Site "?"]
[Date "1990.??.??"]
[Round "?"]
[White "Nixon, Peter"]
[Black "Miller, Dan"]
[Result "1-0"]
[WhiteElo "1605"]
[BlackElo "1605"]
[PlyCount "87"]
[EventDate "1990.??.??"]

{5/(31)} 1. d4 d5 2. c4 e6 3. Nc3 Nf6 4. Bg5 Be7 5. Nf3 Bd7 6. Bxf6 Bxf6 7.
cxd5 exd5 8. Nxd5 O-O 9. e3 Bc6 10. Nc3 Re8 11. Rc1 Re7 12. Be2 b6 13. O-O Bb7
14. Qc2 Nc6 15. a3 Qd7 16. Rfd1 Rc8 17. e4 g6 18. Nd5 Re6 19. Nxf6+ Rxf6 20. d5
Ne7 21. Qc3 Rd6 22. Ne5 Qa4 23. Rd4 Qe8 24. Nc4 Rd7 25. Ne3 f5 26. exf5 Nxf5
27. Rf4 Nxe3 28. fxe3 Rf7 29. Bg4 Rxf4 30. Bxc8 Bxc8 31. exf4 Bf5 32. Re1 Qd7
33. Qe5 Kf7 34. Rc1 c5 35. dxc6 Qd2 36. Re1 b5 37. Qe7+ Kg8 38. Qe8+ Kg7 39. h3
Qd4+ 40. Qe3 Qxb2 41. Qe5+ Qxe5 42. fxe5 Kf7 43. c7 Ke7 44. e6 1-0

[Event "Detroit (MOR/3/37)"]
[Site "?"]
[Date "1990.??.??"]
[Round "?"]
[White "Nixon, Peter"]
[Black "Ladomer, W."]
[Result "0-1"]
[WhiteElo "1605"]
[BlackElo "1605"]
[PlyCount "100"]
[EventDate "1990.??.??"]

{3/(37)} 1. d4 Nf6 2. c4 e5 3. d5 Bc5 4. Nc3 O-O 5. Bg5 Bxf2+ 6. Kd2 Bd4 7. Qc2
Bxc3+ 8. bxc3 d6 9. h4 Nbd7 10. e4 Nc5 11. Bd3 Bg4 12. Rf1 Ncd7 13. Ne2 h6 14.
Be3 Nc5 15. Ng3 Nxd3 16. Qxd3 Nh5 17. Nxh5 Bxh5 18. Rfg1 Qd7 19. g4 Bxg4 20.
Bxh6 gxh6 21. Qf3 Kh7 22. Rxg4 f5 23. exf5 Qxf5 24. Qxf5+ Rxf5 25. Rhg1 Rc8 26.
Ke3 h5 27. Rg7+ Kh8 28. Re7 Rf4 29. Rgg7 c6 30. Rxb7 cxd5 31. Rh7+ Kg8 32. Rxa7
Rcxc4 33. Rhb7 Rxc3+ 34. Kd2 Rcc4 35. Rb6 Rf6 36. Rb8+ Rf8 37. Rbb7 Rf6 38.
Rb8+ Rf8 39. Rbb7 Rg4 40. Ke3 d4+ 41. Kd3 Re8 42. Re7 Rxe7 43. Rxe7 Rxh4 44.
Re6 Rh3+ 45. Ke4 Re3+ 46. Kf5 d3 47. Rxd6 h4 48. Rg6+ Kh7 49. Kf6 Rf3+ 50. Kg5
Rg3+ 0-1

[Event "Detroit (MCO/5/15)"]
[Site "?"]
[Date "1990.??.??"]
[Round "?"]
[White "Nixon, Peter"]
[Black "Grams, Paul"]
[Result "1/2-1/2"]
[WhiteElo "1605"]
[BlackElo "1815"]
[PlyCount "78"]
[EventDate "1990.??.??"]

{5/(15)} 1. d4 Nf6 2. c4 g6 3. Nc3 Bg7 4. e4 d6 5. Nf3 O-O 6. Be2 Re8 7. O-O
Nbd7 8. Bg5 e5 9. Nd5 exd4 10. Nxf6+ Bxf6 11. Bxf6 Nxf6 12. Nxd4 Nxe4 13. Bf3
Ng5 14. Re1 Re5 15. Re2 c5 16. Rxe5 dxe5 17. Nb3 Qxd1+ 18. Bxd1 b6 19. h4 Ne6
20. Bf3 Rb8 21. Rd1 Nd4 22. Nxd4 cxd4 23. Bd5 Bb7 24. Re1 Bxd5 25. cxd5 Re8 26.
f3 f5 27. Kf2 e4 28. fxe4 fxe4 29. Rd1 d3 30. Ke3 Kg7 31. Rf1 Re5 32. g3 b5 33.
d6 Rd5 34. Kxe4 Rxd6 35. Rd1 d2 36. Ke3 Kf6 37. Rxd2 Rxd2 38. Kxd2 Ke5 39. Ke3
a5 1/2-1/2

[Event "Detroit (MCO/2/26)"]
[Site "?"]
[Date "1990.??.??"]
[Round "?"]
[White "Nixon, Peter"]
[Black "Bishop, T."]
[Result "1-0"]
[WhiteElo "1605"]
[BlackElo "1605"]
[PlyCount "87"]
[EventDate "1990.??.??"]

{2/(26)} 1. d4 g6 2. e4 e6 3. c4 Nf6 4. Nc3 Bg7 5. Bg5 h6 6. Be3 O-O 7. Qd2 Ng4
8. Be2 Nxe3 9. Qxe3 d6 10. Nf3 g5 11. e5 Nd7 12. Bd3 dxe5 13. dxe5 f6 14. exf6
Nxf6 15. Rd1 Re8 16. Bg6 Bd7 17. Bxe8 Qxe8 18. O-O Ng4 19. Qe4 Nf6 20. Qe2 g4
21. Ne5 Rd8 22. Nxg4 Nxg4 23. Qxg4 e5 24. Qe4 Qh5 25. Rd2 Qg5 26. Rfd1 Bf6 27.
Ne2 Bc6 28. Rxd8+ Bxd8 29. h4 Qe7 30. Qg6+ Kf8 31. Qxh6+ Kg8 32. Rd3 Qxh4 33.
Rg3+ Bg5 34. Rxg5+ Qxg5 35. Qxg5+ Kf7 36. Qxe5 b6 37. Nf4 a5 38. Qe6+ Kf8 39.
Qxc6 a4 40. Qf6+ Ke8 41. Ng6 Kd7 42. Ne5+ Ke8 43. Qf7+ Kd8 44. Qd7# 1-0

[Event "Detroit (RVO/4)"]
[Site "?"]
[Date "1990.??.??"]
[Round "?"]
[White "Nissani, E."]
[Black "Spencer, J."]
[Result "0-1"]
[WhiteElo "1605"]
[BlackElo "1605"]
[PlyCount "113"]
[EventDate "1990.??.??"]

1. e4 Nf6 2. Nc3 e5 3. Bc4 Bc5 4. d3 d6 5. Nge2 O-O 6. Na4 Bxf2+ 7. Kxf2 Ng4+
8. Ke1 Qf6 9. Rf1 Qh4+ 10. g3 Qxh2 11. Kd2 Nc6 12. Rh1 Qg2 13. Qf1 Qxf1 14.
Rxf1 Nd4 15. Nxd4 exd4 16. c3 Ne3 17. Rh1 Nxc4+ 18. dxc4 dxc3+ 19. Nxc3 Be6 20.
Kd3 a6 21. Bf4 b5 22. cxb5 axb5 23. Nxb5 Bxa2 24. Nxc7 Ra5 25. b3 Rb8 26. Bxd6
Rxb3+ 27. Kd4 Ra4+ 28. Ke5 Rxg3 29. Kf4 Rg2 30. Nd5 g5+ 31. Kf3 Rd2 32. Ne7+
Kf8 33. Nf5+ Ke8 34. Rxh7 g4+ 35. Kf4 Re2 36. Ng3 Rf2+ 37. Kxg4 Be6+ 38. Kg5
Rxa1 39. Nf5 Ra5 40. Bf4 Rg2+ 41. Kh4 Bxf5 42. exf5 Rxf5 43. Bg3 Ke7 44. Kg4
Ke6 45. Rh6+ f6 46. Rg6 Rg5+ 47. Rxg5 fxg5 48. Kf3 Ra2 49. Bf2 Kf5 50. Kg3 g4
51. Kg2 Kf4 52. Kf1 g3 53. Bg1 Kf3 54. Bd4 g2+ 55. Kg1 Rd2 56. Bb6 Rd1+ 57. Kh2
0-1

[Event "Detroit (RVO/3)"]
[Site "?"]
[Date "1990.??.??"]
[Round "?"]
[White "Nissani, E."]
[Black "Rysztak, R."]
[Result "0-1"]
[WhiteElo "1605"]
[BlackElo "1930"]
[PlyCount "58"]
[EventDate "1990.??.??"]

1. e4 Nf6 2. Nc3 d5 3. e5 Nfd7 4. e6 fxe6 5. d4 Nf6 6. Nf3 a6 7. Bd3 Qd6 8. O-O
c5 9. dxc5 Qxc5 10. Be3 Qa5 11. Qe2 Nc6 12. Rfe1 Bd7 13. Bf4 d4 14. Ne4 e5 15.
Bd2 Qc7 16. Nc5 e6 17. Nxe5 Bxc5 18. Nxd7 Qxd7 19. Bf5 Nd8 20. Qc4 Be7 21. Bxe6
Nxe6 22. Rxe6 Rc8 23. Rxe7+ Kxe7 24. Bb4+ Kd8 25. Ba5+ Rc7 26. Rd1 Kc8 27. Bxc7
Qxc7 28. Qd3 Re8 29. Rd2 Re1+ 0-1

[Event "Detroit (MOR/2/35)"]
[Site "?"]
[Date "1990.??.??"]
[Round "?"]
[White "Nikitin, Mike"]
[Black "Nicolli, Randy"]
[Result "1-0"]
[WhiteElo "1605"]
[BlackElo "1605"]
[PlyCount "89"]
[EventDate "1990.??.??"]

{2/(35)} 1. e4 e5 2. Nf3 Nc6 3. d4 exd4 4. c3 Bc5 5. Bc4 h6 6. cxd4 Bb6 7. O-O
d6 8. Nc3 Bg4 9. h3 Bh5 10. d5 Ne5 11. Be2 Qf6 12. Nxe5 Bxe2 13. Qa4+ Ke7 14.
Nd7 Qd4 15. Qxd4 Bxd4 16. Nxe2 Kxd7 17. Nxd4 Nf6 18. f3 Raf8 19. Nf5 g6 20.
Nxh6 Ng8 21. Nxg8 Rfxg8 22. Bg5 f5 23. Rae1 Rh7 24. Re2 b6 25. b4 Kc8 26. b5
Re8 27. Rfe1 Kb7 28. a4 a6 29. exf5 Rxe2 30. Rxe2 gxf5 31. Re8 axb5 32. axb5
Rf7 33. Bd8 f4 34. Re7 Rf5 35. Bxc7 Rxd5 36. Bxd6+ Kc8 37. Bxf4 Rxb5 38. Re4
Rb1+ 39. Kf2 b5 40. Bd6 Rb2+ 41. Kg3 Kd7 42. Bf8 Ra2 43. Bb4 Kc6 44. h4 Ra4 45.
h5 1-0

[Event "Detroit (RVO/3)"]
[Site "?"]
[Date "1990.??.??"]
[Round "?"]
[White "Nikitin, Mike"]
[Black "McIntosh, S."]
[Result "0-1"]
[WhiteElo "1610"]
[BlackElo "1755"]
[PlyCount "98"]
[EventDate "1990.??.??"]

1. e4 e6 2. d4 d5 3. exd5 exd5 4. Nc3 Bb4 5. Nf3 Bg4 6. Bd2 Nf6 7. Qe2+ Qe7 8.
Qxe7+ Kxe7 9. Ne5 Bd7 10. O-O-O Re8 11. Re1 Kf8 12. Nb5 Bxd2+ 13. Kxd2 Ne4+ 14.
Ke3 Bxb5 15. Bxb5 c6 16. Bd3 f6 17. Bxe4 dxe4 18. Nc4 Na6 19. a3 Rad8 20. c3
Nc7 21. Kd2 c5 22. Rd1 cxd4 23. Kc2 dxc3 24. Kxc3 Nb5+ 25. Kb4 Nd4 26. Ne3 Rd7
27. a4 Red8 28. Kc3 g6 29. b3 Rd6 30. Kb2 Nc6 31. Rxd6 Rxd6 32. Rd1 Rxd1 33.
Nxd1 Ne5 34. Kc3 Ke7 35. Kd4 Nd3 36. g3 Kd6 37. Kxe4 Nc5+ 38. Kd4 Nxb3+ 39. Kc4
Na5+ 40. Kb5 Nc6 41. Ne3 Ne5 42. f4 Nd7 43. g4 a6+ 44. Kb4 Nb6 45. h4 Nd5+ 46.
Nxd5 Kxd5 47. f5 gxf5 48. gxf5 b6 49. h5 Ke5 0-1

[Event "Detroit (RVO/5)"]
[Site "?"]
[Date "1990.??.??"]
[Round "?"]
[White "Nikitin, Mike"]
[Black "Fiedler, Robert"]
[Result "1/2-1/2"]
[WhiteElo "1610"]
[BlackElo "1750"]
[PlyCount "64"]
[EventDate "1990.??.??"]

1. e4 e5 2. f4 d6 3. Nf3 Nc6 4. Bc4 Nf6 5. Nc3 h6 6. d4 exd4 7. Nxd4 Nxd4 8.
Qxd4 Be6 9. O-O c5 10. Qd3 Be7 11. Bb5+ Bd7 12. Bxd7+ Nxd7 13. Nd5 O-O 14.
Nxe7+ Qxe7 15. f5 Ne5 16. Qg3 Qf6 17. Rb1 Kh7 18. h4 Rae8 19. b3 Nc6 20. Bb2
Nd4 21. Rbe1 Nf3+ 22. Rxf3 Qxb2 23. f6 g6 24. h5 Qd4+ 25. Kh1 Rxe4 26. Rxe4
Qxe4 27. Qxd6 Qe1+ 28. Kh2 Re8 29. hxg6+ Kxg6 30. Rg3+ Kh7 31. Qxc5 Rg8 32.
Rxg8 Qh4+ 1/2-1/2

[Event "Detroit (MOR/4/6)"]
[Site "?"]
[Date "1990.??.??"]
[Round "?"]
[White "Nikitin, Mike"]
[Black "Collins, Charles"]
[Result "0-1"]
[WhiteElo "1605"]
[BlackElo "1790"]
[PlyCount "68"]
[EventDate "1990.??.??"]

{4/(6)} 1. e4 Nf6 2. e5 Nd5 3. Nf3 d6 4. exd6 cxd6 5. Bc4 Nb6 6. Bb3 Nc6 7. c3
Bf5 8. O-O e6 9. h3 Be7 10. d4 d5 11. Bf4 O-O 12. Nbd2 Rc8 13. Rc1 Na5 14. Bc2
Bxc2 15. Qxc2 Nac4 16. Rfe1 Bf6 17. Nb1 Qe7 18. b3 Nd6 19. Nbd2 Nf5 20. Ne5
Nxd4 21. Qd3 Nf5 22. Ndf3 Rfd8 23. Ng4 Nh4 24. Nxh4 Bxh4 25. g3 Bg5 26. Qf3 h5
27. Ne5 Bxf4 28. gxf4 g6 29. Kh2 Nd7 30. Rg1 Kh7 31. Rcd1 Qf6 32. Rg5 Nxe5 33.
Rxe5 Rc6 34. Qg3 Rdc8 {[Remainder illegible; 0-1, 42?]} 0-1